[Event "Nordea Cup 2005"]
[Site "Dianalund"]
[Date "2005.02.12"]
[Round "1"]
[White "Dalberg, Preben Schavitshy"]
[Black "Nielsen, Max"]
[Result "1/2-1/2"]
[WhiteElo "2219"]
[BlackElo "2270"]
[PlyCount "58"]
[EventDate "2005.??.??"]


1. c4 e5 2. g3 Nf6 3. Bg2 d5 4. cxd5 Nxd5 5. Nc3 Nb6 6. Nf3 Nc6 7. O-O Be7 8.
d3 O-O 9. a3 Be6 10. Be3 f5 11. b4 Bf6 12. Rc1 Nd4 13. Bxd4 exd4 14. Na4 Nxa4
15. Qxa4 Bd5 16. Qb5 a6 17. Qc5 c6 18. Nd2 Bxg2 19. Kxg2 Be7 20. Qc4+ Kh8 21.
Nf3 Bf6 22. Qc5 Qd7 23. Rc2 Rfe8 24. a4 Rad8 25. Rb1 g6 26. b5 cxb5 27. Qb6 Re6
28. Qa7 Rc6 29. Rcb2 Qc7 1/2-1/2

[Event "Nordea Cup 2005"]
[Site "Dianalund"]
[Date "2005.02.12"]
[Round "1"]
[White "Bromann, Thorbjorn"]
[Black "Hovmoller, Kristian"]
[Result "1-0"]
[WhiteElo "2370"]
[BlackElo "2287"]
[PlyCount "63"]
[EventDate "2005.??.??"]


1. d4 Nf6 2. Nc3 d5 3. Bg5 e6 4. e4 dxe4 5. Nxe4 Be7 6. Bxf6 Bxf6 7. Nf3 O-O 8.
c3 Nd7 9. Qc2 Qe7 10. Bd3 g6 11. O-O-O Bg7 12. h4 c5 13. h5 cxd4 14. cxd4 Rd8
15. hxg6 hxg6 16. Qc7 Kf8 17. Rh7 Re8 18. Nd6 Kg8 19. Nxe8 Kxh7 20. Rh1+ Kg8
21. Nxg7 Kxg7 22. Qh2 Qf8 23. Qh7+ Kf6 24. Qh4+ Kg7 25. Qh6+ Kf6 26. Qg5+ Kg7
27. Qh6+ Kf6 28. Qg5+ Kg7 29. Ne5 Kg8 30. Bxg6 fxg6 31. Qxg6+ Qg7 32. Qxe6+ 1-0

[Event "Nordea Cup 2005"]
[Site "Dianalund"]
[Date "2005.02.13"]
[Round "2"]
[White "Miezis, Normunds"]
[Black "Bromann, Thorbjorn"]
[Result "1/2-1/2"]
[WhiteElo "2547"]
[BlackElo "2370"]
[PlyCount "28"]
[EventDate "2005.??.??"]


1. c4 c5 2. Nc3 Nc6 3. g3 g6 4. Bg2 Bg7 5. a3 a6 6. Rb1 Rb8 7. b4 cxb4 8. axb4
b5 9. cxb5 axb5 10. Nf3 Nf6 11. d4 d5 12. Bf4 Rb6 13. O-O Bf5 14. Rb3 O-O
1/2-1/2

[Event "Nordea Cup 2005"]
[Site "Dianalund"]
[Date "2005.02.13"]
[Round "2"]
[White "Nielsen, Max"]
[Black "Olsen, Heini"]
[Result "1-0"]
[WhiteElo "2270"]
[BlackElo "2345"]
[PlyCount "117"]
[EventDate "2005.??.??"]


1. e4 e5 2. Nf3 Nc6 3. Bb5 a6 4. Ba4 Nf6 5. O-O Be7 6. Re1 b5 7. Bb3 d6 8. c3
O-O 9. h3 Re8 10. d4 Bb7 11. Nbd2 Bf8 12. d5 Nb8 13. Nf1 Nbd7 14. N3h2 Nc5 15.
Bc2 c6 16. b4 Ncd7 17. dxc6 Bxc6 18. Bg5 h6 19. Bxf6 Nxf6 20. Ng4 Nxg4 21. Qxg4
Qc8 22. Qf3 Re6 23. Bb3 Rf6 24. Qd3 Qb7 25. f3 Qb6+ 26. Ne3 d5 27. exd5 Bd7 28.
Kh1 Bd6 29. a4 Rc8 30. axb5 axb5 31. Bc2 g6 32. Qd2 h5 33. Bd3 Rf4 34. Nf1 Qd8
35. Ra7 Bb8 36. Rb7 Rc7 37. Rxc7 Qxc7 38. Be4 Qd6 39. Qe3 Qa6 40. Qe2 Ba7 41.
Nd2 Qc8 42. c4 bxc4 43. Qxc4 Qd8 44. Nf1 Qh4 45. Qe2 Bb5 46. Qd2 Bd4 47. Kh2
Qd8 48. Rc1 Kg7 49. Ne3 Rf6 50. Nc2 Ba7 51. Qc3 Qb6 52. Na3 Ba6 53. b5 Bb7 54.
Rb1 Qd4 55. Qxd4 Bxd4 56. Nc4 Bb6 57. d6 Bxe4 58. fxe4 Ba7 59. d7 1-0

[Event "Nordea Cup 2005"]
[Site "Dianalund"]
[Date "2005.02.13"]
[Round "2"]
[White "Lund, Silas"]
[Black "Rausis, Igors"]
[Result "0-1"]
[WhiteElo "2292"]
[BlackElo "2500"]
[PlyCount "66"]
[EventDate "2005.??.??"]


1. d4 g6 2. e4 Bg7 3. c4 d6 4. Nc3 Nf6 5. Be2 O-O 6. Bg5 a6 7. Qd2 c5 8. d5 b5
9. cxb5 Qa5 10. bxa6 Bxa6 11. Bxa6 Rxa6 12. Nge2 Nbd7 13. O-O Rb8 14. Rab1 Rab6
15. Qc2 Qa6 16. Rfd1 h6 17. Bf4 Ne8 18. h4 h5 19. Bg5 Kf8 20. f3 Nc7 21. Kh1
R6b7 22. a4 Qc4 23. Rd2 Rb3 24. Kh2 Ne5 25. Nc1 R3b7 26. N1a2 Qb3 27. Qc1 c4
28. Qf1 Qb6 29. Nc1 Qa5 30. N1e2 Nd3 31. Nb5 Nxb5 32. axb5 Rxb5 33. Rc2 Qa4 0-1

[Event "Nordea Cup 2005"]
[Site "Dianalund"]
[Date "2005.02.13"]
[Round "2"]
[White "Christensen, Svend Ellegaard"]
[Black "Hovmoller, Kristian"]
[Result "0-1"]
[WhiteElo "2193"]
[BlackElo "2287"]
[PlyCount "120"]
[EventDate "2005.??.??"]


1. d4 Nf6 2. Nf3 e6 3. Bf4 b6 4. e3 Bb7 5. Bd3 Be7 6. Nbd2 c5 7. c3 Nc6 8. O-O
Nh5 9. Bg3 Nxg3 10. hxg3 d5 11. Re1 O-O 12. Ne5 f5 13. Nxc6 Bxc6 14. f4 c4 15.
Bc2 Be8 16. Qf3 h5 17. e4 fxe4 18. Nxe4 Bg6 19. Ng5 Bxc2 20. Nxe6 Qd7 21. Nxf8
Rxf8 22. Qxh5 Bf6 23. Re3 Qf5 24. g4 Qxh5 25. gxh5 Bf5 26. Kf2 Bg4 27. Rh1 Bg5
28. g3 Bf6 29. Rh2 Kf7 30. Re1 Rh8 31. Reh1 Rh6 32. Ke3 Ke6 33. Kf2 Kd6 34. Ke3
b5 35. b4 cxb3 36. axb3 a5 37. Ra1 Bd8 38. Kd2 g6 39. Re1 gxh5 40. Re8 Kd7 41.
Re5 Rd6 42. Rhxh5 Bxh5 43. Rxh5 a4 44. bxa4 bxa4 45. Kc2 a3 46. Kb3 Be7 47. Ka2
Rb6 48. Rxd5+ Kc6 49. Re5 Rb2+ 50. Ka1 Bd6 51. Re3 Kd5 52. Re1 Rc2 53. Re3 Kc4
54. f5 Rf2 55. g4 Kb3 56. Re1 Kxc3 57. Rc1+ Kxd4 58. Rd1+ Ke5 59. Re1+ Kf4 60.
f6 Be5+ 0-1

[Event "Nordea Cup 2005"]
[Site "Dianalund"]
[Date "2005.02.14"]
[Round "3"]
[White "Bromann, Thorbjorn"]
[Black "Lund, Silas"]
[Result "1/2-1/2"]
[WhiteElo "2370"]
[BlackElo "2292"]
[PlyCount "101"]
[EventDate "2005.??.??"]


1. e4 e6 2. d4 d5 3. Nc3 Bb4 4. Bd3 c5 5. exd5 Qxd5 6. Bd2 Bxc3 7. Bxc3 cxd4 8.
Bxd4 e5 9. Bc3 Nc6 10. Qe2 Nf6 11. Nf3 Bg4 12. Rd1 Qc5 13. h3 Bxf3 14. Qxf3 O-O
15. O-O Rad8 16. a3 Rfe8 17. b4 Qb6 18. Bc4 Nd4 19. Bxd4 Rxd4 20. Qb3 Qc7 21.
Rxd4 exd4 22. Rd1 Re4 23. Bd3 Re8 24. Qc4 Qb6 25. a4 Rd8 26. a5 Qe6 27. c3 Qxc4
28. Bxc4 d3 29. Rxd3 Rxd3 30. Bxd3 b6 31. axb6 axb6 32. c4 Nd7 33. Be4 Ne5 34.
c5 bxc5 35. bxc5 Kf8 36. f4 Nc4 37. Bd5 Ne3 38. Bb3 Ke7 39. Kf2 Nf5 40. Bc2 Nd4
41. Bxh7 Ne6 42. c6 Nxf4 43. Kf3 Ne6 44. Kg4 g6 45. h4 Kf6 46. h5 Kg7 47. hxg6
fxg6 48. Bxg6 Kxg6 49. g3 Nc7 50. Kf4 Na6 51. g4 1/2-1/2

[Event "Nordea Cup 2005"]
[Site "Dianalund"]
[Date "2005.02.14"]
[Round "3"]
[White "Dalberg, Preben Schavitshy"]
[Black "Christensen, Svend Ellegaard"]
[Result "1-0"]
[WhiteElo "2219"]
[BlackElo "2193"]
[PlyCount "129"]
[EventDate "2005.??.??"]


1. c4 e6 2. Nc3 Nf6 3. d4 d5 4. cxd5 exd5 5. Bg5 Be7 6. e3 O-O 7. Qc2 c6 8. Bd3
Nbd7 9. Nf3 Re8 10. O-O Ne4 11. Bf4 Nxc3 12. Bxh7+ Kh8 13. bxc3 g6 14. Bxg6
fxg6 15. Qxg6 Bf6 16. Ng5 Re7 17. Nf7+ Rxf7 18. Qxf7 Qg8 19. Qh5+ Qh7 20. Qe8+
Qg8 21. Qh5+ Qh7 22. Qxh7+ Kxh7 23. f3 b6 24. e4 Ba6 25. Rfe1 c5 26. e5 Bg7 27.
Be3 Re8 28. f4 Bd3 29. g4 c4 30. a4 Be4 31. Bf2 Bh6 32. Bg3 a6 33. Ra2 Bf8 34.
Rf2 Nc5 35. dxc5 Bxc5 36. f5 b5 37. axb5 axb5 38. Bf4 Rg8 39. h3 Bxf5 40. Be3
Bxe3 41. Rxe3 Be4 42. Rb2 Kg6 43. Kf2 Kf7 44. Rxb5 Ke6 45. Rxe4 dxe4 46. Ke3
Rh8 47. Kxe4 Rxh3 48. Rb6+ Ke7 49. Kd4 Rg3 50. Rg6 Kf7 51. Rf6+ Ke7 52. Rf4 Ke6
53. Re4 Rg2 54. Kxc4 Rg1 55. Kc5 Rc1 56. c4 Rg1 57. Kc6 Rg2 58. c5 Rg1 59. Rb4
Kxe5 60. Kb6 Rd1 61. c6 Kd6 62. c7 Rc1 63. Rd4+ Ke5 64. Rd8 Rb1+ 65. Ka5 1-0

[Event "Nordea Cup 2005"]
[Site "Dianalund"]
[Date "2005.02.14"]
[Round "3"]
[White "Hovmoller, Kristian"]
[Black "Miezis, Normunds"]
[Result "1/2-1/2"]
[WhiteElo "2287"]
[BlackElo "2547"]
[PlyCount "156"]
[EventDate "2005.??.??"]


1. d4 Nf6 2. c4 c5 3. d5 e6 4. Nc3 exd5 5. cxd5 Bd6 6. e4 Qe7 7. Bd3 c4 8. Bxc4
Nxe4 9. Nxe4 Qxe4+ 10. Qe2 Qxe2+ 11. Nxe2 a6 12. a4 Bc5 13. O-O d6 14. Bd2 Nd7
15. b4 Ba7 16. Nf4 Ne5 17. Bb3 O-O 18. Rac1 Re8 19. Rfe1 Bf5 20. Be3 Bxe3 21.
Rxe3 Rac8 22. Rxc8 Rxc8 23. Ne2 Kf8 24. h3 g5 25. a5 Bd3 26. Nd4 Rc1+ 27. Kh2
Rb1 28. g4 h6 29. Kg2 Ng6 30. Kh2 Nf4 31. h4 Rf1 32. Kg3 Rg1+ 33. Kf3 Rh1 34.
hxg5 hxg5 35. Nf5 Bxf5 36. gxf5 Kg7 37. Ke4 Kf6 38. Rc3 Rh4 39. Rc8 Ne2+ 40.
Kd3 Rxb4 41. Bc4 Nf4+ 42. Kd4 Ne2+ 43. Kd3 Nf4+ 44. Kd4 Rb1 45. Rc7 Rd1+ 46.
Ke4 Re1+ 47. Kd4 Re7 48. Rxe7 Kxe7 49. Ke4 Nh5 50. Be2 Nf6+ 51. Kd4 Nd7 52. Bd1
Kf6 53. Bc2 Nc5 54. f3 Kg7 55. Ke3 Nd7 56. f4 g4 57. Kf2 Nf6 58. Kg3 Kf8 59.
Bd3 Ke7 60. Bf1 Kd8 61. Kh4 Nxd5 62. Bg2 Nb4 63. f6 d5 64. Kxg4 Kd7 65. Kf5 Kd6
66. Kg5 Nd3 67. Bf3 Nc5 68. Kh6 Ne6 69. Bh5 Nxf4 70. Bxf7 d4 71. Bc4 d3 72. f7
Ke7 73. Kg7 Nh5+ 74. Kg8 Nf6+ 75. Kg7 Nh5+ 76. Kg8 Nf6+ 77. Kg7 Ne8+ 78. Kg8
Nf6+ 1/2-1/2

[Event "Nordea Cup 2005"]
[Site "Dianalund"]
[Date "2005.02.14"]
[Round "3"]
[White "Rausis, Igors"]
[Black "Nielsen, Max"]
[Result "1-0"]
[WhiteElo "2500"]
[BlackElo "2270"]
[PlyCount "75"]
[EventDate "2005.??.??"]


1. c4 e5 2. g3 Nf6 3. Bg2 d5 4. cxd5 Nxd5 5. Nf3 Nc6 6. Nc3 Nb6 7. Rb1 Be7 8.
b4 a6 9. a3 O-O 10. O-O Be6 11. d3 f5 12. Na4 Nxa4 13. Qxa4 Bd5 14. Bb2 Bf6 15.
Qc2 Kh8 16. Rbc1 Rc8 17. Rfd1 Qe8 18. Qc5 Rd8 19. e4 Bb3 20. Rd2 Be6 21. Nxe5
Nxe5 22. Bxe5 Bxe5 23. Qxe5 c6 24. Re1 fxe4 25. Rxe4 Bd5 26. Qxe8 Rfxe8 27.
Rxe8+ Rxe8 28. Bxd5 cxd5 29. Rc2 h6 30. Kf1 Re7 31. Rc8+ Kh7 32. Rd8 Rc7 33.
Rxd5 Rc3 34. a4 Ra3 35. a5 Rb3 36. Rd4 Rb2 37. h4 Kg6 38. Rd6+ 1-0

[Event "Nordea Cup 2005"]
[Site "Dianalund"]
[Date "2005.02.15"]
[Round "4"]
[White "Christensen, Svend Ellegaard"]
[Black "Miezis, Normunds"]
[Result "0-1"]
[WhiteElo "2193"]
[BlackElo "2547"]
[PlyCount "66"]
[EventDate "2005.??.??"]


1. d4 Nf6 2. Nf3 e6 3. Bf4 c5 4. e3 Qb6 5. Qc1 Nc6 6. c3 Be7 7. Bd3 O-O 8. h3
Nd5 9. Bh2 f5 10. O-O Nf6 11. Nbd2 d5 12. Ne5 Nxe5 13. Bxe5 Bd7 14. Bxf6 Bxf6
15. Qb1 g5 16. Re1 Rf7 17. a4 Raf8 18. a5 Qd6 19. Ra2 Rg7 20. b4 c4 21. Bf1 g4
22. hxg4 fxg4 23. g3 h5 24. e4 Bg5 25. Bg2 h4 26. Nf1 Rf3 27. Bxf3 gxf3 28. e5
Qf8 29. Qd1 Be8 30. Nh2 Bh5 31. g4 Bf4 32. Nxf3 Bxg4 33. Kf1 Qf5 0-1

[Event "Nordea Cup 2005"]
[Site "Dianalund"]
[Date "2008.02.15"]
[Round "4"]
[White "Lund, Silas"]
[Black "Hovmoller, Kristian"]
[Result "1/2-1/2"]
[WhiteElo "2292"]
[BlackElo "2287"]
[PlyCount "126"]
[EventDate "2005.??.??"]


1. d4 Nf6 2. c4 e6 3. Nf3 b6 4. g3 Bb7 5. Bg2 Be7 6. Nc3 Ne4 7. Bd2 f5 8. d5
O-O 9. O-O Bf6 10. Rc1 a5 11. Be1 Qe8 12. Nd4 Bxd4 13. Qxd4 e5 14. Qe3 Nxc3 15.
Bxc3 d6 16. f4 Nd7 17. c5 Nxc5 18. fxe5 dxe5 19. Bxe5 Qd7 20. Rcd1 Rae8 21. Qf4
Ne4 22. Bxc7 Bxd5 23. Bxb6 Qb5 24. Bd4 Bxa2 25. g4 Bc4 26. gxf5 Nf6 27. e4 Bxf1
28. Bxf1 Qa4 29. b3 Qxb3 30. Rd3 Qb7 31. e5 Nd5 32. Qg4 h5 33. Qf3 Qf7 34. Bh3
Nb4 35. Rd2 Qg6+ 36. Rg2 Qc6 37. e6 Re7 38. Qxc6 Nxc6 39. Bc5 Kh7 40. Rg5 Kh6
41. Rg6+ Kh7 42. Rg3 Ree8 43. Bxf8 Rxf8 44. Bg2 Nd4 45. Rg5 Nxf5 46. Rxf5 Rxf5
47. Be4 Kg6 48. Bxf5+ Kf6 49. Kf2 a4 50. Ke3 a3 51. Bb1 Kxe6 52. Kf4 Kf6 53. h4
g6 54. Ba2 Kg7 55. Kg5 Kh7 56. Kf6 Kh6 57. Bg8 a2 58. Bxa2 Kh7 59. Bf7 Kh8 60.
Bd5 Kh7 61. Be6 Kh8 62. Kf7 Kh7 63. Kf8 Kh6 1/2-1/2

[Event "Nordea Cup 2005"]
[Site "Dianalund"]
[Date "2005.02.15"]
[Round "4"]
[White "Nielsen, Max"]
[Black "Bromann, Thorbjorn"]
[Result "1-0"]
[WhiteElo "2270"]
[BlackElo "2370"]
[PlyCount "77"]
[EventDate "2005.??.??"]


1. e4 e6 2. d4 d5 3. Nc3 Nf6 4. Bg5 Bb4 5. e5 h6 6. Be3 Ne4 7. Qg4 g6 8. a3
Bxc3+ 9. bxc3 Nxc3 10. Bd3 Nc6 11. h4 Qe7 12. h5 g5 13. Nh3 Bd7 14. f4 gxf4 15.
Bf2 Qf8 16. Qxf4 O-O-O 17. Bh4 Re8 18. O-O Rg8 19. Nf2 Ne7 20. Bf6 Nf5 21. g4
c5 22. dxc5 Qxc5 23. Kh2 Qd4 24. Qxd4 Nxd4 25. Kh3 Bb5 26. Bxb5 Ncxb5 27. a4
Nc7 28. c3 Nb3 29. Rad1 Nc5 30. g5 hxg5 31. h6 Rg6 32. Ng4 Ne4 33. Bg7 Nxc3 34.
Rd2 d4 35. Rxf7 N7d5 36. Rxd4 Ne2 37. Rc4+ Kb8 38. h7 Nef4+ 39. Kh2 1-0

[Event "Nordea Cup 2005"]
[Site "Dianalund"]
[Date "2005.02.16"]
[Round "5"]
[White "Bromann, Thorbjorn"]
[Black "Naes, Flovin Tor"]
[Result "0-1"]
[WhiteElo "2370"]
[BlackElo "2302"]
[PlyCount "106"]
[EventDate "2005.??.??"]


1. e4 c6 2. d4 Na6 3. Nc3 Nc7 4. Be3 d6 5. Qd2 g6 6. h4 Nf6 7. f3 Bg7 8. a4 a5
9. Rd1 Bd7 10. Bh6 Bxh6 11. Qxh6 Nh5 12. Nge2 e5 13. g4 Nf6 14. h5 Qe7 15. hxg6
fxg6 16. Qe3 O-O 17. Ng3 Rae8 18. g5 Nfd5 19. exd5 exd4 20. Qxe7 Rxe7+ 21. Nce2
Rxf3 22. Kd2 Ree3 23. Rh4 d3 24. cxd3 Nxd5 25. Kc2 Rxg3 26. Nxg3 Rxg3 27. Re1
Rxg5 28. Bh3 Bxh3 29. Rxh3 Re5 30. Reh1 h5 31. Rf3 Ne3+ 32. Kd2 Nf5 33. Rb1 Kg7
34. b4 b6 35. bxa5 bxa5 36. Rb7+ Kf6 37. Rc7 Rc5 38. Rd7 Kg5 39. Rf1 h4 40. Rh7
Rd5 41. Kc3 Kg4 42. d4 Ng3 43. Re1 h3 44. Re6 g5 45. Reh6 Ne2+ 46. Kd3 Nf4+ 47.
Kc4 Kg3 48. Rc7 g4 49. Rxc6 h2 50. Rb6 Rh5 51. Rxh5 Nxh5 52. Rb1 Kg2 53. Kb5
h1=Q 0-1

[Event "Nordea Cup 2005"]
[Site "Dianalund"]
[Date "2005.02.16"]
[Round "5"]
[White "Hovmoller, Kristian"]
[Black "Nielsen, Max"]
[Result "1-0"]
[WhiteElo "2287"]
[BlackElo "2270"]
[PlyCount "63"]
[EventDate "2005.??.??"]


1. d4 Nf6 2. c4 c5 3. d5 b5 4. cxb5 a6 5. b6 e6 6. Nc3 Bb7 7. e4 exd5 8. exd5
d6 9. a4 a5 10. Bf4 Be7 11. Bc4 O-O 12. Nge2 Nbd7 13. Ng3 Nxb6 14. b3 Ne8 15.
O-O Bf6 16. Rc1 Bg5 17. Bxg5 Qxg5 18. f4 Qd8 19. Qd3 Nc7 20. Nge4 h6 21. f5 f6
22. Qg3 Nc8 23. Nxc5 dxc5 24. d6+ Kh8 25. dxc7 Qd6 26. Be6 Qxg3 27. hxg3 Nd6
28. Rfd1 Ne8 29. Nb5 g6 30. Rxc5 Ng7 31. Nd6 Nxe6 32. fxe6 1-0

[Event "Nordea Cup 2005"]
[Site "Dianalund"]
[Date "2005.02.16"]
[Round "5"]
[White "Miezis, Normunds"]
[Black "Lund, Silas"]
[Result "1-0"]
[WhiteElo "2547"]
[BlackElo "2292"]
[PlyCount "51"]
[EventDate "2005.??.??"]


1. c4 b6 2. Nc3 Bb7 3. e4 e6 4. Nf3 Bb4 5. Bd3 Nf6 6. Qe2 Nh5 7. g3 f5 8. a3
Bxc3 9. dxc3 fxe4 10. Bxe4 Bxe4 11. Qxe4 Nc6 12. Qg4 g6 13. Bg5 Qc8 14. O-O-O
O-O 15. Rhe1 Qe8 16. Bh6 Rf5 17. Qe4 Qf7 18. Ng5 Qe7 19. f4 Re8 20. Qh1 Rc5 21.
Ne4 Rxc4 22. Bg5 Qf7 23. g4 Nxf4 24. Nf6+ Kh8 25. Nxe8 Qxe8 26. Qf1 1-0

[Event "Nordea Cup 2005"]
[Site "Dianalund"]
[Date "2005.02.16"]
[Round "5"]
[White "Olsen, Heini"]
[Black "Christensen, Svend Ellegaard"]
[Result "1-0"]
[WhiteElo "2345"]
[BlackElo "2193"]
[PlyCount "65"]
[EventDate "2005.??.??"]


1. c4 Nf6 2. Nf3 e6 3. g3 d5 4. d4 c6 5. Qc2 Be7 6. Bg2 O-O 7. O-O Re8 8. Rd1
Nbd7 9. b3 b6 10. Nc3 Ba6 11. e4 Nxe4 12. Nxe4 dxe4 13. Qxe4 Bb7 14. Bf4 Nf6
15. Qc2 Rc8 16. h4 h6 17. Rd3 Bd6 18. Ne5 Nh5 19. Bd2 f5 20. Re1 Qc7 21. Qd1
Nf6 22. Bf4 Nd7 23. Rde3 Nxe5 24. Bxe5 Bxe5 25. Rxe5 Qd7 26. Qe2 Qxd4 27. Rxe6
Rf8 28. Rd1 Qc3 29. Rd7 Ba8 30. Ree7 Qf6 31. Rxa7 c5 32. Bxa8 Rxa8 33. Qe6+ 1-0

[Event "Nordea Cup 2005"]
[Site "Dianalund"]
[Date "2005.02.16"]
[Round "5"]
[White "Rausis, Igors"]
[Black "Dalberg, Preben Schavitshy"]
[Result "1/2-1/2"]
[WhiteElo "2500"]
[BlackElo "2219"]
[PlyCount "131"]
[EventDate "2005.??.??"]


1. e4 e6 2. d4 d5 3. Nc3 Bb4 4. Nge2 Nc6 5. a3 Ba5 6. Qd3 dxe4 7. Qxe4 Nf6 8.
Qh4 Ne7 9. Bg5 Nf5 10. Qf4 h6 11. Bxf6 Qxf6 12. O-O-O Qg5 13. Ne4 Qxf4+ 14.
Nxf4 Bb6 15. c3 Bd7 16. g3 Bc6 17. Bg2 O-O 18. Rhe1 Rad8 19. Kc2 Ne7 20. Nd2
Bxg2 21. Nxg2 Nf5 22. Nc4 Nd6 23. Nge3 c6 24. Nxd6 Rxd6 25. b4 Bc7 26. a4 Rfd8
27. b5 cxb5 28. axb5 Bb8 29. Rb1 Rc8 30. Red1 g6 31. c4 Rdd8 32. Ra1 h5 33. Kb3
Kg7 34. h3 Rd7 35. Ra2 Kf8 36. Rad2 Kg7 37. Kb4 Rdd8 38. c5 Kf8 39. d5 exd5 40.
Rxd5 Rxd5 41. Rxd5 Ke8 42. Nc4 Rd8 43. Rxd8+ Kxd8 44. Kc3 Kd7 45. Kd4 Bc7 46.
Kd5 h4 47. gxh4 Bh2 48. Na5 Kc7 49. Nc4 Kd7 50. Nd2 a6 51. b6 a5 52. Kc4 Bg1
53. Ne4 Kc6 54. Nd6 Bxf2 55. Nxf7 Bxc5 56. Ne5+ Kd6 57. Nxg6 Bxb6 58. h5 Be3
59. Kb5 b6 60. Nh4 Ke5 61. Nf3+ Kf4 62. Ne1 Kg5 63. Nc2 Bf2 64. Na3 Kxh5 65.
Nc4 Kh4 66. Nxa5 1/2-1/2

[Event "Nordea Cup 2005"]
[Site "Dianalund"]
[Date "2005.02.17"]
[Round "6"]
[White "Dalberg, Preben Schavitshy"]
[Black "Bromann, Thorbjorn"]
[Result "0-1"]
[WhiteElo "2219"]
[BlackElo "2370"]
[PlyCount "62"]
[EventDate "2005.??.??"]


1. c4 e5 2. g3 Nf6 3. Bg2 c6 4. d4 exd4 5. Qxd4 Na6 6. Nc3 Bc5 7. Qd1 Nc7 8.
Nf3 d5 9. cxd5 Ncxd5 10. Nxd5 Nxd5 11. O-O O-O 12. Qc2 Be7 13. Rd1 Bg4 14. a3
Qc8 15. Ne5 Be6 16. Nc4 Rd8 17. e4 Nb6 18. Rxd8+ Qxd8 19. Nxb6 Qxb6 20. Be3 Qb5
21. b4 a5 22. Bc5 Bxc5 23. bxc5 a4 24. Rb1 Bb3 25. Qc3 Kf8 26. h4 Qa5 27. Qe5
Rd8 28. Rc1 Qd2 29. Rc3 Qb2 30. f4 f6 31. Rxb3 Qc1+ 0-1

[Event "Nordea Cup 2005"]
[Site "Dianalund"]
[Date "2005.02.17"]
[Round "6"]
[White "Olsen, Heini"]
[Black "Rausis, Igors"]
[Result "0-1"]
[WhiteElo "2345"]
[BlackElo "2500"]
[PlyCount "68"]
[EventDate "2005.??.??"]


1. Nf3 d5 2. d4 Nf6 3. c4 dxc4 4. e3 g6 5. Bxc4 Bg7 6. O-O O-O 7. Nc3 c5 8. d5
Bg4 9. e4 Nbd7 10. Be3 Ne8 11. Be2 Bxf3 12. gxf3 Nd6 13. Qc2 f5 14. Rad1 f4 15.
Bc1 Ne5 16. Kh1 Qd7 17. Rg1 Qh3 18. Rg2 c4 19. Re1 Nxf3 20. Bxf3 Qxf3 21. e5
Nf5 22. Qe4 Nh4 23. Qxf3 Nxf3 24. Re4 Nxe5 25. f3 Nxf3 26. Bxf4 Rad8 27. Rxc4
Bxc3 28. bxc3 Rxd5 29. Rg3 Ne5 30. Bxe5 Rxe5 31. Rc7 Rf2 32. Rxb7 Rxa2 33. Rg1
Ree2 34. Rd1 Rxh2+ 0-1

[Event "Nordea Cup 2005"]
[Site "Dianalund"]
[Date "2005.02.18"]
[Round "7"]
[White "Bromann, Thorbjorn"]
[Black "Olsen, Heini"]
[Result "1/2-1/2"]
[WhiteElo "2370"]
[BlackElo "2345"]
[PlyCount "21"]
[EventDate "2005.??.??"]


1. e4 e5 2. Nf3 Nc6 3. Nc3 Nf6 4. g3 d5 5. exd5 Nxd5 6. Bg2 Nxc3 7. bxc3 Bd6 8.
O-O O-O 9. d4 Bg4 10. Qd3 Qf6 11. Rb1 1/2-1/2

[Event "Nordea Cup 2005"]
[Site "Dianalund"]
[Date "2005.02.18"]
[Round "7"]
[White "Hovmoller, Kristian"]
[Black "Dalberg, Preben Schavitshy"]
[Result "1/2-1/2"]
[WhiteElo "2287"]
[BlackElo "2219"]
[PlyCount "27"]
[EventDate "2005.??.??"]


1. d4 d5 2. c4 e6 3. Nc3 Be7 4. Nf3 Nf6 5. Bg5 h6 6. Bh4 O-O 7. e3 Ne4 8. Bxe7
Qxe7 9. Qc2 c6 10. Bd3 Nxc3 11. Qxc3 Nd7 12. O-O dxc4 13. Bxc4 b6 14. Rac1
1/2-1/2

[Event "Nordea Cup 2005"]
[Site "Dianalund"]
[Date "2005.02.18"]
[Round "7"]
[White "Lund, Silas"]
[Black "Nielsen, Max"]
[Result "1-0"]
[WhiteElo "2292"]
[BlackElo "2270"]
[PlyCount "45"]
[EventDate "2005.??.??"]


1. d4 Nf6 2. c4 g6 3. Nc3 Bg7 4. e4 d6 5. Be2 O-O 6. Bg5 Na6 7. Qc2 h6 8. Be3
e5 9. dxe5 dxe5 10. Rd1 Qe8 11. Nd5 Kh7 12. h4 c6 13. Nxf6+ Bxf6 14. g4 Be7 15.
Qc1 Bb4+ 16. Kf1 f5 17. exf5 gxf5 18. Bxh6 fxg4 19. Bxf8 Qxf8 20. Qg5 e4 21.
Rd8 Qf7 22. Qe5 Bf8 23. Qe8 1-0

[Event "Nordea Cup 2005"]
[Site "Dianalund"]
[Date "2005.02.18"]
[Round "7"]
[White "Miezis, Normunds"]
[Black "Naes, Flovin Tor"]
[Result "1-0"]
[WhiteElo "2547"]
[BlackElo "2302"]
[PlyCount "74"]
[EventDate "2005.??.??"]


1. c4 Nf6 2. Nc3 e5 3. g3 d5 4. cxd5 Nxd5 5. Bg2 Nb6 6. Nf3 Nc6 7. Rb1 a5 8.
O-O Be7 9. b3 O-O 10. Bb2 Be6 11. d4 a4 12. Nxe5 Nxe5 13. dxe5 axb3 14. axb3
Qxd1 15. Nxd1 Bxb3 16. Bd4 Bc4 17. Nc3 Ra3 18. Nb5 Bxe2 19. Rfc1 Bxb5 20. Rxb5
Rd3 21. Rxc7 Rxd4 22. Rxe7 Rd1+ 23. Bf1 Nc4 24. Kg2 Nd2 25. Bd3 g6 26. Rbxb7
Re1 27. Rbd7 Ne4 28. Bc4 Rc1 29. Bd5 Re1 30. Rc7 Re2 31. Kf3 Rxf2+ 32. Kxe4
Re2+ 33. Kf3 Rxh2 34. Rxf7 Rxf7+ 35. Rxf7 Rh1 36. Rd7+ Kf8 37. e6 h5 1-0

[Event "Nordea Cup 2005"]
[Site "Dianalund"]
[Date "2005.02.19"]
[Round "8"]
[White "Christensen, Svend Ellegaard"]
[Black "Nielsen, Max"]
[Result "1/2-1/2"]
[WhiteElo "2193"]
[BlackElo "2270"]
[PlyCount "36"]
[EventDate "2005.??.??"]


1. d4 f5 2. Nf3 d6 3. g3 Nf6 4. Bg2 g6 5. O-O Bg7 6. b4 O-O 7. Bb2 Nc6 8. b5
Na5 9. Nbd2 Bd7 10. c4 c6 11. a4 Rc8 12. Re1 Kh8 13. Rc1 cxb5 14. axb5 d5 15.
Ne5 dxc4 16. Nxd7 Qxd7 17. Qa4 Nb3 18. Nxb3 cxb3 1/2-1/2

[Event "Nordea Cup 2005"]
[Site "Dianalund"]
[Date "2005.02.19"]
[Round "8"]
[White "Dalberg, Preben Schavitshy"]
[Black "Miezis, Normunds"]
[Result "0-1"]
[WhiteElo "2219"]
[BlackElo "2547"]
[PlyCount "58"]
[EventDate "2005.??.??"]


1. c4 c5 2. Nc3 Nc6 3. Nf3 e5 4. g3 g6 5. Bg2 Bg7 6. O-O Nge7 7. Ne1 a6 8. Nc2
Rb8 9. Ne3 b5 10. d3 O-O 11. Ned5 d6 12. Rb1 Nxd5 13. Nxd5 bxc4 14. dxc4 Bf5
15. e4 Be6 16. Qa4 Nb4 17. Bd2 Bd7 18. Qa3 Nxd5 19. cxd5 Bb5 20. Rfe1 f5 21.
Bf1 Qd7 22. Bxb5 axb5 23. Qf3 Ra8 24. a3 Ra4 25. b4 c4 26. Rbc1 fxe4 27. Qxe4
Rxa3 28. Ra1 Rd3 29. Be3 Qf5 0-1

[Event "Nordea Cup 2005"]
[Site "Dianalund"]
[Date "2005.02.19"]
[Round "8"]
[White "Olsen, Heini"]
[Black "Hovmoller, Kristian"]
[Result "1/2-1/2"]
[WhiteElo "2345"]
[BlackElo "2287"]
[PlyCount "118"]
[EventDate "2005.??.??"]


1. c4 Nf6 2. Nc3 b6 3. e4 Bb7 4. e5 Ne4 5. Nxe4 Bxe4 6. Qg4 Bb7 7. Nf3 e6 8. h4
d6 9. Be2 dxe5 10. Nxe5 Nd7 11. d4 Nf6 12. Qf4 Bb4+ 13. Bd2 Bxd2+ 14. Qxd2 c5
15. O-O-O cxd4 16. Qf4 Qc7 17. Rxd4 O-O 18. Kb1 Rad8 19. f3 Nh5 20. Qd2 Ng3 21.
Re1 Rxd4 22. Qxd4 Rd8 23. Qf4 Nxe2 24. Rxe2 f6 25. Nd3 e5 26. Qe3 Qxc4 27. Nf2
Bc8 28. g4 Bb7 29. Rc2 Qd4 30. Qb3+ Bd5 31. Qa3 a5 32. Qe7 Bf7 33. Ne4 Re8 34.
Qc7 Qd1+ 35. Rc1 Qd3+ 36. Ka1 Qd5 37. b3 Qd4+ 38. Kb1 Bg6 39. Qc6 Rd8 40. Rc2
Qd1+ 41. Kb2 Qd4+ 42. Kb1 h6 43. g5 Bxe4 44. fxe4 fxg5 45. hxg5 Qg1+ 46. Kb2
Qxg5 47. Qxb6 Rd2 48. Qxa5 Rxc2+ 49. Kxc2 Qg2+ 50. Kd3 Qf3+ 51. Kd2 Qf4+ 52.
Kc3 Qe3+ 53. Kb2 Qxe4 54. Qd8+ Kh7 55. a4 Qe2+ 56. Kc3 e4 57. Qd5 h5 58. a5 h4
59. a6 Qe3+ 1/2-1/2

[Event "Nordea Cup 2005"]
[Site "Dianalund"]
[Date "2005.02.19"]
[Round "8"]
[White "Naes, Flovin Tor"]
[Black "Lund, Silas"]
[Result "1-0"]
[WhiteElo "2302"]
[BlackElo "2292"]
[PlyCount "71"]
[EventDate "2005.??.??"]


1. e4 e5 2. Nf3 Nc6 3. Bb5 d6 4. d4 exd4 5. Nxd4 Bd7 6. Nxc6 bxc6 7. Bc4 g6 8.
O-O Bg7 9. c3 Nf6 10. Bg5 h6 11. Bh4 O-O 12. Re1 g5 13. Bg3 Ng4 14. Nd2 Ne5 15.
Bb3 Be6 16. Nf1 Qf6 17. Ne3 Qg6 18. Qc2 h5 19. Nf5 Bxf5 20. exf5 Qh6 21. Qe4 d5
22. Qe3 Rae8 23. h4 f6 24. Qxa7 gxh4 25. Bxh4 Qd2 26. Red1 Qxb2 27. Qxc7 Rf7
28. Qa5 Bh6 29. Qb4 Nd3 30. Qd6 Qxc3 31. Qg3+ Rg7 32. Qxd3 Re1+ 33. Kh2 Bf4+
34. g3 Qxd3 35. Rxd3 Rxa1 36. Bxf6 1-0